Theory of Money (Record no. 23158)

MARC details
000 -LEADER
fixed length control field 00372nam a2200145Ia 4500
008 - FIXED-LENGTH DATA ELEMENTS--GENERAL INFORMATION
fixed length control field 211109s9999||||xx |||||||||||||| ||und||
082 ## - DEWEY DECIMAL CLASSIFICATION NUMBER
Classification number 332.4
Item number NEW-T
100 ## - MAIN ENTRY--PERSONAL NAME
Personal name Newlyn, W T
245 #0 - TITLE STATEMENT
Title Theory of Money
260 ## - PUBLICATION, DISTRIBUTION, ETC.
Name of publisher, distributor, etc. Clarendon Press
Place of publication, distribution, etc. Oxford
Date of publication, distribution, etc. 1978
300 ## - PHYSICAL DESCRIPTION
Extent 220p.
630 ## - SUBJECT ADDED ENTRY--UNIFORM TITLE
General subdivision General Stack
650 ## - SUBJECT ADDED ENTRY--TOPICAL TERM
Topical term or geographic name entry element Financial economics
942 ## - ADDED ENTRY ELEMENTS (KOHA)
Koha item type BOOK
650 ## - SUBJECT ADDED ENTRY--TOPICAL TERM
Form subdivision Finance
General subdivision Economics
Holdings
Withdrawn status Lost status Damaged status Not for loan Home library Current library Date acquired Cost, normal purchase price Total Checkouts Full call number Barcode Shelving location Date last seen Price effective from Koha item type
        SB LIBRARY SB LIBRARY 09/11/2021 37.85   332.4 NEW-T 00023904 GENERAL STACK 09/11/2021 09/11/2021 BOOK

Powered by Koha